000 00551nam a2200181 i 4500
001 141430
003 ES-MaACL
005 20230906200307.0
007 t|
008 070924s1966 sp ||||1| spa d
080 _a92:791.862(467.31)
100 1 _aVillatoro, Angel.
_9115165
245 1 0 _aMuerte en el ruedo
_b: la tragedia en la torerĂ­a valenciana /
_cAngel Villatoro.
260 _aMadrid :
_bBiblioteca Nueva,
_c1966.
300 _a208 p. :
_bil. ;
_c24 cm.
650 1 4 _aToreros-
_zValencia.
_917562
852 _aES-MaACL
_jC-29849
_bR.60141
999 _c141430
_d141430